|
|
|
|
| LEADER |
02403nam a22003975i 4500 |
| 001 |
36991 |
| 003 |
BD-DhAAL |
| 005 |
20251120215821.0 |
| 008 |
200211t2019 bg 000 0 ben d |
| 010 |
|
|
|a 2018305309
|
| 020 |
|
|
|a 9789847765013
|
| 025 |
|
|
|a B-B-2018305309; 21-90
|
| 037 |
|
|
|b Library of Congress -- New Delhi Overseas Office
|
| 040 |
|
|
|a DLC
|b eng
|e rda
|c DLC
|d BD-DhAAL
|
| 042 |
|
|
|a lcode
|
| 082 |
|
|
|a 364.15095492
|2 23
|
| 100 |
|
|
|a মোরশেদ, হাসান.
|9 39223
|
| 245 |
0 |
0 |
|a জেনোসাইড '৭১ :
|b তত্ত্ব - তর্ক - তথ্য /
|c হাসান মোরশেদ.
|
| 246 |
0 |
0 |
|a Genocide 1971
|
| 246 |
0 |
0 |
|a Jenosaida '71 : tattva-tarka-tathya
|
| 260 |
|
|
|a ঢাকা :
|b ঐতিহ্য,
|c ২০১৯.
|
| 300 |
|
|
|a ২৬৩ পৃষ্ঠা :
|b চিত্র ;
|c ২২ সে.মি.
|
| 504 |
|
|
|a বিবলিওগ্রাফী অন্তর্ভুক্ত।
|
| 520 |
|
|
|a Articles on genocide and atrocities during 1971 liberation war of Bangladesh.
|
| 526 |
|
|
|a BIGD
|
| 541 |
|
|
|a Rokomari.com
|e 36991, 36992, 37016, 37017
|
| 546 |
|
|
|a In Bengali.
|
| 650 |
|
|
|a Genocide
|z Bangladesh.
|9 39224
|
| 651 |
|
|
|a বাংলাদেশ
|x ইতিহাস
|y মুক্তিযুদ্ধ, ১৯৭১.
|
| 852 |
|
|
|a BRAC Institute of Governance and Development
|c General Stacks
|
| 942 |
|
|
|2 ddc
|c BK
|
| 999 |
|
|
|c 42206
|d 42206
|
| 952 |
|
|
|0 0
|1 0
|2 ddc
|4 0
|6 364_150954920000000_MUR
|7 0
|9 67893
|a IGS
|b IGS
|c GEN
|d 2020-02-10
|e Rokomari.com
|g 375.00
|l 0
|o 364.15095492 MUR
|p 3010036992
|r 2020-02-10
|t 2
|v 500.00
|w 2020-02-10
|y BK
|x This property belongs to Ayesha Abed Library
|
| 952 |
|
|
|0 0
|1 0
|2 ddc
|4 0
|6 364_150954920000000_MUR
|7 0
|9 67894
|a IGS
|b IGS
|c GEN
|d 2020-02-10
|e Rokomari.com
|g 375.00
|l 0
|o 364.15095492 MUR
|p 3010036991
|r 2020-02-10
|t 1
|v 500.00
|w 2020-02-10
|y BK
|x This property belongs to Ayesha Abed Library
|
| 952 |
|
|
|0 0
|1 0
|2 ddc
|4 0
|6 364_150954920000000_MUR
|7 0
|9 67920
|a BRACUL
|b BRACUL
|c GEN
|d 2020-02-10
|e ঐতিহ্য
|g 390.00
|l 3
|m 34
|o 364.15095492 MUR
|p 3010037017
|r 2024-06-02
|s 2024-03-29
|t 4
|v 390.00
|w 2020-02-10
|y BK
|x This property belongs to Ayesha Abed Library
|
| 952 |
|
|
|0 0
|1 0
|2 ddc
|4 0
|6 364_150954920000000_MUR
|7 0
|9 67921
|a BRACUL
|b BRACUL
|c BNC
|d 2020-02-10
|e ঐতিহ্য
|g 390.00
|l 4
|m 30
|o 364.15095492 MUR
|p 3010037016
|r 2025-01-08
|s 2024-12-19
|t 3
|v 390.00
|w 2020-02-10
|y BK
|x This property belongs to Ayesha Abed Library
|